[Event "Srpska Republic-chT 1st League"]
[Site "Banja Vrucica"]
[Date "2014.08.09"]
[Round "1.1"]
[White "Bakic, Aleksandar"]
[Black "Tomic, Milanka"]
[Result "0-1"]
[WhiteElo "1956"]
[BlackElo "1748"]
[PlyCount "122"]
[EventDate "2014.08.09"]
[EventType "team-tourn"]
[EventRounds "9"]
[EventCountry "BIH"]
[SourceTitle "EXT 2016"]
[Source "ChessBase"]
[SourceDate "2015.10.08"]
[SourceVersion "1"]
[SourceVersionDate "2015.10.08"]
[SourceQuality "1"]
[WhiteTeam "Kozarska Dubica"]
[BlackTeam "Teslic Mladost"]
[WhiteTeamCountry "BIH"]
[BlackTeamCountry "BIH"]

1. e4 e5 2. Nf3 Nc6 3. Bb5 a6 4. Ba4 Nf6 5. d3 d6 6. c3 Be7 7. h3 Bd7 8. 0-0 0-0 9. Re1 Re8 10. Nbd2 Bf8 11. Nf1 Ne7 12. Bc2 Ng6 13. Ng3 c5 14. d4 Qc7 15. Be3 b5 16. Qd2 h6 17. d5 c4 18. Nh2 Reb8 19. f4 exf4 20. Bxf4 Nxf4 21. Qxf4 a5 22. Nf3 b4 23. Nd4 a4 24. Ngf5 Bxf5 25. Nxf5 Nd7 26. Qg3 Kh8 27. cxb4 Rxb4 28. Qc3 Qb6+ 29. Kh2 Ne5 30. Rab1 Rb8 31. a3 Rxb2 32. Rbc1 Qa6 33. Rf1 g6 34. Nd4 Bg7 35. Rb1 Rxb1 36. Bxb1 Qb6 37. Rd1 Qa6 38. Bc2 Nd7 39. Qe3 Ne5 40. Qc3 Qa7 41. Qd2 Qc5 42. Nc6 Nxc6 43. dxc6 Qxc6 44. Kh1 Rb2 45. Rc1 c3 46. Qf4 Qd7 47. Qf3 Ra2 48. Bb1 Rxa3 49. h4 Rb3 50. Ba2 Rb7 51. Bd5 Ra7 52. h5 Kh7 53. hxg6+ fxg6 54. Qd3 a3 55. Ba2 Qc6 56. Bd5 Qc5 57. Ba2 Rb7 58. Qa6 Rb2 59. Bd5 Qf2 60. e5 Bxe5 61. Qc8 Qh4+ 0-1